Geology of the Candelaria mining district, Mineral County, Nevada. (Record no. 29366)
[ view plain ]
| 000 -LEADER | |
|---|---|
| fixed length control field | 00829cam a22002531 4500 |
| 001 - CONTROL NUMBER | |
| control field | gs 59000219 |
| 003 - CONTROL NUMBER IDENTIFIER | |
| control field | DLC |
| 005 - DATE AND TIME OF LATEST TRANSACTION | |
| control field | 20260227111408.0 |
| 008 - FIXED-LENGTH DATA ELEMENTS--GENERAL INFORMATION | |
| fixed length control field | 750715s1959 xx 000 0 eng |
| 010 ## - LIBRARY OF CONGRESS CONTROL NUMBER | |
| LC control number | gs 59000219 |
| 035 ## - SYSTEM CONTROL NUMBER | |
| System control number | (OCoLC)1449640 |
| 040 ## - CATALOGING SOURCE | |
| Original cataloging agency | DLC |
| Transcribing agency | OAU |
| Modifying agency | DLC |
| 042 ## - AUTHENTICATION CODE | |
| Authentication code | premarc |
| 050 00 - LIBRARY OF CONGRESS CALL NUMBER | |
| Classification number | QE138.M5 |
| Item number | P3 |
| 082 ## - DEWEY DECIMAL CLASSIFICATION NUMBER | |
| Classification number | 557.9351 |
| 100 1# - MAIN ENTRY--PERSONAL NAME | |
| Personal name | Page, Benjamin M. |
| Fuller form of name | (Benjamin Markham), |
| Dates associated with a name | 1911- |
| 245 10 - TITLE STATEMENT | |
| Title | Geology of the Candelaria mining district, Mineral County, Nevada. |
| 260 ## - PUBLICATION, DISTRIBUTION, ETC. | |
| Place of publication, distribution, etc. | Reno, |
| Name of publisher, distributor, etc. | University of Nevada, |
| Date of publication, distribution, etc. | 1959. |
| 300 ## - PHYSICAL DESCRIPTION | |
| Extent | vii, 67, ix-xiii p. |
| Other physical details | illus., fold. col. map (in pocket) diagrs. |
| Dimensions | 23 cm. |
| 410 20 - SERIES STATEMENT/ADDED ENTRY--CORPORATE NAME [OBSOLETE, CAN/MARC], [LOCAL, USA] | |
| Corporate name or jurisdiction name as entry element | Nevada Bureau of Mines. |
| Title of a work | Bulletin |
| Volume number/sequential designation | 56 |
| 504 ## - BIBLIOGRAPHY, ETC. NOTE | |
| Bibliography, etc. note | Bibliography: p. 63-64. |
| 650 #0 - SUBJECT ADDED ENTRY--TOPICAL TERM | |
| Topical term or geographic name entry element | Geology |
| Geographic subdivision | Nevada |
| -- | Mineral County. |
| 650 #0 - SUBJECT ADDED ENTRY--TOPICAL TERM | |
| Topical term or geographic name entry element | Ore deposits |
| Geographic subdivision | Nevada |
| -- | Mineral County. |
No items available.